Efeito de potências decimais da homeopatia de Arnica montana sobre plantas de artemísia (Registro n. 298521)
[ somente texto ]
| 000 -LÍDER | |
|---|---|
| fixed length control field | 02656nab a2200313 i 4500 |
| 003 - CÓDIGO MARC DA AGÊNCIA CATALOGADORA | |
| Campo de controle | BR-BrBNA |
| 005 - DATA E HORA DA ÚLTIMA ATUALIZAÇÃO | |
| Campo de controle | 20240216102213.0 |
| 008 - CAMPO DE TAMANHO FIXO | |
| fixed length control field | 240216b2003 bl.fr|p|oa||| 00| 0 por | |
| 040 ## - FONTE DA CATALOGAÇÃO | |
| Agência catalogadora | BR-BrBNA |
| Idioma da catalogação | por |
| 072 ## - CATEGORIA AGRIS | |
| Código AGRIS | H20 |
| 072 ## - CATEGORIA AGRIS | |
| Código AGRIS | H50 |
| 100 ## - ENTRADA PRINCIPAL - NOME PESSOAL | |
| Nome pessoal | Carvalho, L.M. |
| 100 ## - ENTRADA PRINCIPAL - NOME PESSOAL | |
| Nome pessoal | Casali, V. W. D. |
| 100 ## - ENTRADA PRINCIPAL - NOME PESSOAL | |
| Nome pessoal | Cecon, P. R. |
| 100 ## - ENTRADA PRINCIPAL - NOME PESSOAL | |
| Nome pessoal | Souza , M. A. |
| 100 ## - ENTRADA PRINCIPAL - NOME PESSOAL | |
| Nome pessoal | Lisboa, S. P. |
| 245 ## - TÍTULO PRINCIPAL | |
| Título principal | Efeito de potências decimais da homeopatia de Arnica montana sobre plantas de artemísia |
| 500 ## - NOTA GERAL | |
| Nota geral | Publicação on-line; 13 ref.; 3 tables; 1 illus.; Summaries (En, Pt) |
| 942 ## - ADDED ENTRY ELEMENTS (KOHA) | |
| Koha item type | |
| 520 ## - NOTA DE RESUMO | |
| Nota de conteúdo | <br/>RESUMO: <br/><br/>Plantas de Tanacetum parthenium, crescidas em vasos de 10 L, receberam, um mês após<br/>o transplante em vasos, preparados homeopáticos de Arnica montana, escala decimal (D1, D2, D3,<br/>D4 e D5). As aplicações, semanais, foram feitas sempre no mesmo horário, vertendo-se o preparado<br/>no solo ao redor da pianta, após ser diluído em água deionizada. A altura das plantas foi determinada<br/>a cada 15 dias. A massa fresca da parte aérea e o teor de partenolídeo foram determinados no final do<br/>experimento. Verificou-se aumento na altura e na massa fresca, assim como redução no teor de<br/>partenolídeo, devido às aplicações dos preparados homeopáticos.<br/><br/>Palavras-chave: Tanaceto, Arnica montana (homeopatia), Atemisia, Plantas medicinais |
| 520 ## - NOTA DE RESUMO | |
| Nota de conteúdo | <br/>ABSTRACT: <br/><br/>Effect of decimal potencies of homeopathy Arnica montana on plants of feverfew.<br/>Tanacetum parthenium (L.) Schultz-Bip plants were grown in pots of 10 L, a month after the transplant<br/>to pots, homeopathics solutions of Arnica montana (D1, D2, D3, D4 and D5) were applicated. The<br/>weekly applications were done in the same schedule, in the soil, after dilutions in deionized water. The<br/>plant height was determined each 15 days. The fresh mass of the aerial part and the parthenolide<br/>content were evaluated at the end of the experiment. Increase was verified in the height and in the fresh<br/>mass, as well as reduction in the parthenolide content, due to applications of the homeopathic solutions.<br/><br/>Key words: Feverfew, plants medicinal, Arnica montana (homeopathy), artemisia |
| 650 ## - ASSUNTO - THESAGRO | |
| Cabeçalho tópico ou nome geográfico | ARNICA |
| 650 ## - ASSUNTO - THESAGRO | |
| Cabeçalho tópico ou nome geográfico | PLANTA MEDICINAL |
| 650 ## - ASSUNTO - THESAGRO | |
| Cabeçalho tópico ou nome geográfico | HOMEOPATIA |
| 650 ## - ASSUNTO - THESAGRO | |
| Cabeçalho tópico ou nome geográfico | ARTEMÍSIA |
| 773 0# - ENTRADA ANALÍTICA | |
| Host Biblionumber | 3543 |
| Registro do item | 13660 |
| Imprenta | Botucatu-SP Instituto de Biociências - Departamento de Química e Bioquímica 1998 |
| Outro identificador | 2023-29685 |
| Título | Revista Brasileira de Plantas Medicinais (Brazil) |
| ISSN | 1516-0572 |
| Colação | v. 6(1) p. 46-50; (2003) |
| Número de controle de registro | BR2024000028 |
| 856 ## - ACESSO E ENDEREÇO ELETRÔNICO | |
| Identificador uniforme de recurso - URI | https://www.sbpmed.org.br/admin/files/papers/file_f5kic5NZSfXT.pdf |
Nenhum exemplar disponível.

BINAGRI